[Event "Challenge"]
[Site "http://www.queenalice.com/game.php?id=296706"]
[Date "2007.11.1"]
[Round "-"]
[White "charlao"]
[Black "Jorge_Mauro"]
[Result "1-0"]
[WhiteElo "1523"]
[BlackElo "1289"]

1. e4 e5 2. Nc3 c6 3. Nf3 d6 4. d4 exd4 5. Nxd4 Nf6 6. Bc4 Bg4 7. Nce2 Nxe4 8.
f3 Qa5+ 9. c3 d5 10. Bd3 c5 11. fxg4 cxd4 12. Bxe4 dxe4 13. Qxd4 Nc6 14. Qxe4+
Ne5 15. O-O Bc5+ 16. Be3 Bd6 17. Qxb7 Qd8 18. Bd4 Rb8 19. Qxa7 Nc6 20. Qxf7# 1-0

[Event "Desafio"]
[Site "http://www.queenalice.com/game.php?id=296718"]
[Date "2007.11.1"]
[Round "-"]
[White "Luke1416"]
[Black "Jorge_Mauro"]
[Result "0-1"]
[WhiteElo "1471"]
[BlackElo "1281"]

1. d4 Nc6 2. Nf3 Nf6 3. Nc3 e5 4. dxe5 Nh5 5. e3 d6 6. exd6 cxd6 7. Bb5 Qa5 8.
Bxc6+ bxc6 9. O-O f5 10. Bd2 f4 11. exf4 g5 12. Nxg5 h6 13. Qxh5+ Kd8 14. Nf7+
Ke8 15. Nxh8+ Qxh5 16. Rfe1+ Be7 17. Ne4 Be6 18. f3 a5 19. g4 Qh3 20. Re3 Bh4
21. f5 Bc4 22. Nxd6+ Kd7 23. Nxc4 Rb8 24. b3 Rxh8 25. Bxa5 h5 26. Rd1+ Kc8 27.
Nd6+ Kb8 28. Nf7 hxg4 29. Rf1 g3 30. f4 Qxh2# 0-1

[Event "Challenge"]
[Site "http://www.queenalice.com/game.php?id=300020"]
[Date "2007.11.7"]
[Round "-"]
[White "Jorge_Mauro"]
[Black "charlao"]
[Result "1-0"]
[WhiteElo "1282"]
[BlackElo "1563"]

1. e4 e5 2. Qh5 Qf6 3. f3 Qb6 4. Qxe5+ Ne7 5. Bc4 f6 6. Qh5+ g6 7. Qh4 Nbc6 8.
Qxf6 Rg8 9. d3 Nd4 10. Bg5 Nxc2+ 11. Kd1 Nxa1 12. Qf7+ Kd8 13. Bxe7+ Bxe7 14.
Qxg8+ Bf8 15. Qxf8# 1-0

[Event "VAMOS PARA A NEGA!!!"]
[Site "http://www.queenalice.com/game.php?id=300615"]
[Date "2007.11.8"]
[Round "-"]
[White "charlao"]
[Black "Jorge_Mauro"]
[Result "1-0"]
[WhiteElo "1529"]
[BlackElo "1309"]

1. e4 e5 2. Qf3 d6 3. Bb5+ c6 4. Bc4 Nf6 5. d3 d5 6. exd5 cxd5 7. Bb5+ Nbd7 8.
Nc3 a6 9. Bxd7+ Bxd7 10. Nxd5 e4 11. dxe4 Rc8 12. c3 Bg4 13. Qf4 Bd6 14. Qg5 Rg8
15. Be3 h6 16. Qh4 Rc4 17. f3 Bd7 18. Nb6 Rc6 19. Nxd7 Qxd7 20. Ne2 b5 21. Nd4
b4 22. Nxc6 Qxc6 23. O-O bxc3 24. Rac1 Qb5 25. bxc3 Nd7 26. Rb1 Qa5 27. Rfd1 Be5
28. Rd5 Qc7 29. a4 Bxc3 30. Bf4 Qb6+ 31. Rxb6 Nxb6 32. Qd8# 1-0

[Event "Challenge"]
[Site "http://www.queenalice.com/game.php?id=300860"]
[Date "2007.11.9"]
[Round "-"]
[White "dida"]
[Black "Jorge_Mauro"]
[Result "1-0"]
[WhiteElo "1341"]
[BlackElo "1310"]

1. e4 e5 2. Nf3 Bc5 3. a3 Nf6 4. Nc3 O-O 5. d3 Ng4 6. d4 exd4 7. Nd5 Na6 8. h3
Nh6 9. Bxh6 gxh6 10. Ne5 Re8 11. f4 d6 12. Qh5 dxe5 13. f5 c6 14. O-O-O 1-0

[Event "Challenge"]
[Site "http://www.queenalice.com/game.php?id=300861"]
[Date "2007.11.9"]
[Round "-"]
[White "Jorge_Mauro"]
[Black "dida"]
[Result "0-1"]
[WhiteElo "1308"]
[BlackElo "1356"]

1. e4 Nc6 2. d3 b6 3. Nc3 d6 4. Bf4 Nf6 5. e5 Nxe5 6. Be2 c6 7. d4 Neg4 8. Nh3
h6 9. f3 Ne3 10. Qd2 Nxg2+ 11. Kf2 Bxh3 12. Ba6 Nxf4 13. Qxf4 g5 14. Qg3 Qd7 15.
d5 Bf5 16. Rae1 cxd5 17. h4 g4 18. Nb5 Qc6 19. Nd4 Qc5 20. c3 Ne4+ 21. fxe4 dxe4
22. b4 Qc7 23. Nxf5 e6 24. Nxd6+ Bxd6 25. Qxg4 Qxc3 26. Qxe4 Rd8 27. a4 Bg3+ 28.
Kf1 Qxe1+ 29. Qxe1 Bxe1 30. Kxe1 Rd4 31. Bb5+ Ke7 32. Rg1 Rxb4 33. h5 Re4+ 34.
Be2 Rxa4 35. Bb5 Re4+ 36. Kf1 Re5 37. Rg4 Rxb5 38. Ra4 a5 39. Rc4 a4 40. Rxa4
Rxh5 41. Ra7+ Kf6 42. Ra6 Rf5+ 43. Ke2 Rd8 44. Rxb6 Rdd5 45. Rb2 Rfe5+ 46. Kf2
Rd3 47. Re2 Rf5+ 48. Ke1 h5 49. Rb2 h4 0-1

[Event "Vamos mais uma?"]
[Site "http://www.queenalice.com/game.php?id=300862"]
[Date "2007.11.9"]
[Round "-"]
[White "Jorge_Mauro"]
[Black "charlao"]
[Result "0-1"]
[WhiteElo "1316"]
[BlackElo "1575"]

1. e4 Nf6 2. Bc4 Nxe4 3. Qf3 d5 4. Bb5+ c6 5. Be2 Ng5 6. Qf4 Ne6 7. Qh4 g5 8.
Qg3 Nd4 9. Na3 Nxe2 10. Nxe2 e6 11. O-O Na6 12. d4 Bxa3 13. Bxg5 Qb6 14. Qd6
Bxd6 15. Nf4 Qxb2 16. Rae1 Qxc2 17. Re2 Qf5 18. Nh3 Rg8 19. Be3 Qe4 20. f3 Qd3
21. Rfe1 Qg6 22. f4 Nb4 23. Ng5 Nd3 24. Rd1 Nxf4 25. Rf2 Qxg5 26. g3 Nh3+ 27.
Kg2 Qxe3 28. Rdf1 Bxg3 29. Rf3 Bf2+ 30. Kxh3 Qxf3# 0-1

[Event "Challenge"]
[Site "http://www.queenalice.com/game.php?id=307441"]
[Date "2007.11.20"]
[Round "-"]
[White "Jorge_Mauro"]
[Black "charlao"]
[Result "1-0"]
[WhiteElo "1327"]
[BlackElo "1552"]

1. e4 Nc6 2. Bc4 Nf6 3. Qf3 Nd4 4. Qf4 Nxc2+ 5. Kf1 Nxa1 6. e5 d5 7. Bb5+ Bd7 8.
Bd3 Nh5 9. Qf3 e6 10. Qxh5 Bc6 11. b3 Nxb3 12. axb3 Qf6 13. exf6 gxf6 14. Nf3
O-O-O 15. Bxh7 Bd6 16. Nc3 e5 17. d4 exd4 18. Nxd4 Bd7 19. Qxd5 Rxh7 20. Qa5 b6
21. Qa6+ Kb8 22. Ncb5 Bxb5+ 23. Nxb5 Rxh2 24. Rxh2 Bxh2 25. Qxa7+ Kc8 26. g3
Rd1+ 27. Kg2 Kd8 28. Qxc7+ Ke8 29. Bh6 Rd7 30. Qc8+ Ke7 31. Bf8+ Ke6 32. Qe8+
Kf5 33. Qxd7+ Ke4 34. f3+ Ke3 35. Qd4+ Ke2 36. Nc3+ Ke1 37. Qd1# 1-0

[Event "Porrada ULTIMATE"]
[Site "http://www.queenalice.com/game.php?id=315060"]
[Date "2007.12.4"]
[Round "-"]
[White "oaoj"]
[Black "Jorge_Mauro"]
[Result "1-0"]
[WhiteElo "1534"]
[BlackElo "1287"]

1. e4 e5 2. Nc3 Bc5 3. g3 d6 4. Nf3 Bg4 5. Bg2 c6 6. O-O h5 7. Qe1 Nf6 8. Nh4 g5
9. Nf5 h4 10. d3 h3 11. Bxg5 Nbd7 12. Bxf6 Nxf6 13. Kh1 hxg2+ 14. Kxg2 Bh3+ 15.
Kg1 Ng4 16. Rd1 d5 17. exd5 cxd5 18. d4 e4 19. dxc5 Ne5 20. Rxd5 Nd7 21. Qxe4+
Kf8 22. Qd4 Rg8 23. Rxd7 Qg5 24. Qd6+ Ke8 25. Re1+ Qe7 26. Qxe7# 1-0

[Event "Challenge"]
[Site "http://www.queenalice.com/game.php?id=319520"]
[Date "2007.12.13"]
[Round "-"]
[White "Jorge_Mauro"]
[Black "oaoj"]
[Result "0-1"]
[WhiteElo "1330"]
[BlackElo "1522"]

1. Nf3 Nf6 2. Nc3 g6 3. e4 Nc6 4. Bc4 Bg7 5. Ng5 e6 6. O-O Ne5 7. Be2 b6 8. a4
Bb7 9. b4 d5 10. Bb5+ Bc6 11. exd5 exd5 12. d4 Bxb5 13. dxe5 Bxf1 14. Qxf1 Ng4
15. Nd1 Bxe5 16. Nb2 a5 17. Qe1 Qf6 18. f3 Nh6 19. Qd2 Bxb2 20. Qxd5 Bxa1 21.
Qxa8+ Ke7 22. Qe4+ Kf8 23. Qd5 Bd4+ 24. Kf1 Nf5 25. Ne4 Qe7 26. Bg5 Qxb4 27.
Qd8+ Kg7 28. Bf6+ Bxf6 29. Qxf6+ Kg8 30. Ng5 Qf8 31. g4 Ne3+ 32. Ke2 Nxc2 33.
Qe5 h6 34. Ne4 h5 35. Qxc7 hxg4 36. Nf6+ Kg7 37. Qxb6 Rxh2+ 38. Kd3 Qa3+ 39. Ke4
Re2+ 40. Kd5 Qa2+ 41. Kd6 Re6+ 0-1

[Event "Revanche"]
[Site "http://www.queenalice.com/game.php?id=321975"]
[Date "2007.12.17"]
[Round "-"]
[White "Luke1416"]
[Black "Jorge_Mauro"]
[Result "1-0"]
[WhiteElo "1526"]
[BlackElo "1344"]

1. e4 e5 2. d3 Qf6 3. Nf3 Bc5 4. Be2 Nh6 5. Bxh6 Qxh6 6. O-O g5 7. Qd2 d6 8.
Nxg5 d5 9. exd5 f6 10. Nf3 Qg6 11. b4 Rg8 12. g3 Bh3 13. Nh4 e4 14. Nxg6 Rxg6
15. Re1 Bd4 16. Nc3 Nd7 17. Bf1 Bg4 18. Rxe4+ Be5 19. Rb1 h5 20. h3 Bf5 21. Rc4
1-0

[Event "Revanche"]
[Site "http://www.queenalice.com/game.php?id=321978"]
[Date "2007.12.17"]
[Round "-"]
[White "Jorge_Mauro"]
[Black "Luke1416"]
[Result "0-1"]
[WhiteElo "1335"]
[BlackElo "1617"]

1. d4 d5 2. e3 e6 3. Nf3 Nf6 4. Ne5 Bd6 5. Bb5+ c6 6. Bd3 Bxe5 7. dxe5 Ne4 8.
O-O O-O 9. Qh5 g6 10. Qh6 Qg5 11. Qh3 Nd7 12. f3 Nec5 13. Be2 f5 14. f4 Qe7 15.
b4 Ne4 16. Nd2 Nxd2 17. Rd1 Ne4 18. Rd4 c5 19. bxc5 Qxc5 20. Bd3 b5 21. a4 bxa4
22. Ba3 Qb6 23. Rxd5 Rf7 24. g4 fxg4 25. Qxg4 Qxe3+ 26. Kf1 exd5 27. e6 Rxf4+
28. Qxf4 Qxf4+ 29. Ke2 Qf2+ 30. Kd1 Qd2# 0-1

[Event "Revanche"]
[Site "http://www.queenalice.com/game.php?id=323916"]
[Date "2007.12.21"]
[Round "-"]
[White "charlao"]
[Black "Jorge_Mauro"]
[Result "1-0"]
[WhiteElo "1495"]
[BlackElo "1352"]

1. e4 e5 2. Nc3 Qg5 3. Nf3 Qe7 4. d4 exd4 5. Qxd4 f6 6. Nd5 Qd6 7. Bf4 Qc6 8.
Nxc7+ Kd8 9. Nxa8 Bc5 10. Bc7+ Ke8 11. Qd3 b6 12. Bxb8 Qxa8 13. Bf4 d6 14. Nh4
g5 15. Bxd6 gxh4 16. Qb5+ Bd7 17. Qc4 b5 18. Qxc5 Qxe4+ 19. Kd1 Bg4+ 20. f3
Bxf3+ 21. gxf3 Qxf3+ 22. Ke1 Qxh1 23. Qc8+ Kf7 24. Qf8+ Kg6 25. Rd1 Qxh2 26. Rd2
Qh1 27. Rg2+ Qxg2 28. Bxg2 h5 29. Be4+ f5 30. Qxf5+ Kh6 31. Qg6# 1-0

[Event "Revanche"]
[Site "http://www.queenalice.com/game.php?id=345189"]
[Date "2008.1.29"]
[Round "-"]
[White "Luke1416"]
[Black "Jorge_Mauro"]
[Result "1-0"]
[WhiteElo "1540"]
[BlackElo "1322"]

1. e4 e5 2. Nf3 Bc5 3. d3 Nc6 4. a3 d6 5. Be2 Nf6 6. b4 Bd4 7. c3 Bb6 8. c4 Bd4
9. Ra2 Ng4 10. Nxd4 exd4 11. Bxg4 f5 12. Bxf5 Rf8 13. O-O g6 14. Bxc8 Qxc8 15.
b5 1-0